000 00830nam a2200217 a 4500
001 000048528
005 20201002061224.0
008 190328s2015 dr c r 000 0 spa d
040 _aDO-SdBNP
_bspa
_cBNPHU
082 _axxxx
_bB858v
100 1 _aBriones, Ricardo,
_d1958-
_975973
245 1 0 _aValle Nuevo :
_bmadre de las aguas /
_cRicardo Briones ; prólogo Ricardo García ; editor Victor Siladi ; textos Andrés Ferrer, Carlos Suriel.
260 _aSanto Domingo :
_bAmigo del hogar,
_c2015.
300 _a199 p. :
_bretrs. ;
_c25 cm.
500 _aIncluye dtos biográficos del autor en la solapa de la cubierta
590 _aInventariado, 2019/BT
700 1 _aGarcía, Ricardo,
_epról
_917889
700 1 _aSiladi, Victor,
_eed.
_973802
700 1 _aFerrer, Andrés,
_etx.
_975974
700 1 _aSuriel, Carlos,
_etx.
_957735
999 _c48016
_d48016